<?xml version="1.0" encoding="UTF-8"?><?xml-stylesheet type="text/xsl" href="static/style.xsl"?><OAI-PMH xmlns="http://www.openarchives.org/OAI/2.0/" xmlns:xsi="http://www.w3.org/2001/XMLSchema-instance" xsi:schemaLocation="http://www.openarchives.org/OAI/2.0/ http://www.openarchives.org/OAI/2.0/OAI-PMH.xsd"><responseDate>2026-06-04T23:55:33Z</responseDate><request verb="GetRecord" identifier="oai:riuma.uma.es:10630/45631" metadataPrefix="marc">https://riuma.uma.es/rest/oai/request</request><GetRecord><record><header><identifier>oai:riuma.uma.es:10630/45631</identifier><datestamp>2026-02-21T00:46:14Z</datestamp><setSpec>com_10630_2254</setSpec><setSpec>col_10630_37953</setSpec></header><metadata><record xmlns="http://www.loc.gov/MARC21/slim" xmlns:dcterms="http://purl.org/dc/terms/" xmlns:doc="http://www.lyncode.com/xoai" xmlns:xsi="http://www.w3.org/2001/XMLSchema-instance" xsi:schemaLocation="http://www.loc.gov/MARC21/slim http://www.loc.gov/standards/marcxml/schema/MARC21slim.xsd">
   <leader>00925njm 22002777a 4500</leader>
   <datafield ind2=" " ind1=" " tag="042">
      <subfield code="a">dc</subfield>
   </datafield>
   <datafield ind2=" " ind1=" " tag="720">
      <subfield code="a">Gázquez Abad, Juan Carlos</subfield>
      <subfield code="e">author</subfield>
   </datafield>
   <datafield ind2=" " ind1=" " tag="720">
      <subfield code="a">Ruiz-Real, José Luis</subfield>
      <subfield code="e">author</subfield>
   </datafield>
   <datafield ind2=" " ind1=" " tag="720">
      <subfield code="a">Martín-García, María del Mar</subfield>
      <subfield code="e">author</subfield>
   </datafield>
   <datafield ind2=" " ind1=" " tag="720">
      <subfield code="a">Uribe-Toril, Juan</subfield>
      <subfield code="e">author</subfield>
   </datafield>
   <datafield ind2=" " ind1=" " tag="260">
      <subfield code="c">2025</subfield>
   </datafield>
   <datafield ind2=" " ind1=" " tag="520">
      <subfield code="a">Purpose
The purpose of this paper is to estimate the average h-index of all stable professors working in the field of marketing in all Spanish public universities and to identify the universities and regions with the highest h-index. In addition, the authors will explain the impact of some aspects on the level of h-index for a given researcher.

Design/methodology/approach
A total number of 585 professors were included in this analysis.

Findings
The results show that women in the field of marketing have a lower average h-index than men. The absence of an own marketing department is associated with a decrease in the h-index. In addition, the authors find a direct relationship between academic ranking and the h-index. Finally, budget per teaching staff is an aspect that also seems to influence the h-index.

Research limitations/implications
One of the limitations of this research is the rapid obsolescence of the data. Future research could take private universities into account and could look at other fields of knowledge and other geographical contexts.

Originality/value
To the best of the authors’ knowledge, there are no previous works that analyze the situation of a specific field of knowledge in terms of the h-index for different universities and the professors who work in them. In addition, some factors that may influence the level of this index are explained. In addition, the authors provide theoretical, practical and (public) political implications of the results</subfield>
   </datafield>
   <datafield ind1="8" ind2=" " tag="024">
      <subfield code="a">Gázquez Abad, J. C., Ruiz-Real, J. L., Martín-García, M. D. M., &amp; Uribe-Toril, J. (2025). What is a high h-index? Analysis in the context of the Spanish marketing field. Spanish Journal of Marketing-ESIC.</subfield>
   </datafield>
   <datafield ind1="8" ind2=" " tag="024">
      <subfield code="a">2444-9695</subfield>
   </datafield>
   <datafield ind1="8" ind2=" " tag="024">
      <subfield code="a">https://hdl.handle.net/10630/45631</subfield>
   </datafield>
   <datafield ind1="8" ind2=" " tag="024">
      <subfield code="a">10.1108/SJME-03-2024-0082</subfield>
   </datafield>
   <datafield tag="653" ind2=" " ind1=" ">
      <subfield code="a">Investigación científica - Evaluación</subfield>
   </datafield>
   <datafield ind2="0" ind1="0" tag="245">
      <subfield code="a">What is a high h-index? Analysis in the context of the Spanish marketing field</subfield>
   </datafield>
</record>
</metadata></record></GetRecord></OAI-PMH>